|
|
|
|
| LEADER |
01030nam a2200325 4500 |
| 001 |
DLU090091380 |
| 005 |
##20091201 |
| 040 |
# |
# |
|a DLU
|b eng
|
| 041 |
# |
# |
|a eng
|
| 044 |
# |
# |
|a us
|
| 245 |
# |
# |
|a Sonication-dependent electroporation of the erythromycin-producing bacterium saccharopolyspora erythraea /
|c Nancy B. Fitzgerald ... [et al.].
|
| 653 |
# |
# |
|a Electroporation
|
| 653 |
# |
# |
|a Genetic transformation
|
| 653 |
# |
# |
|a Optimization
|
| 653 |
# |
# |
|a Saccharopolyspora erythraea
|
| 653 |
# |
# |
|a Sonication
|
| 700 |
# |
# |
|a Boom, Thomas J. Vanden.
|
| 700 |
# |
# |
|a Fitzgerald, Nancy B.
|
| 700 |
# |
# |
|a Lampel, Jay S.
|
| 700 |
# |
# |
|a Samuel English, R.
|
| 773 |
# |
# |
|t Applied and Environmental Microbiology
|g Vol. 64, no. 4 (April 1998), p. 1580-1583
|
| 920 |
# |
# |
|a Phòng Tạp chí -- Trung tâm Thông tin - Thư viện Trường Đại học Đà Lạt
|
| 994 |
# |
# |
|a DLU
|
| 900 |
# |
# |
|a True
|
| 911 |
# |
# |
|a Trương Bảo Trâm Anh
|
| 925 |
# |
# |
|a G
|
| 926 |
# |
# |
|a A
|
| 927 |
# |
# |
|a BB
|
| 980 |
# |
# |
|a Thư viện Trường Đại học Đà Lạt
|